| 000 | 00978cab a2200229 4500 | ||
|---|---|---|---|
| 001 | ABS67480 | ||
| 008 | 040304n2004 000 0 eng u | ||
| 035 | _a(Sirsi) u125336 | ||
| 100 | _aAkenhead, R. | ||
| 245 | _aExceptions rule | ||
| 260 | _c2004 | ||
| 490 |
_aBuilding _v269(8320) 20 February 2004, 49(1) |
||
| 520 | _aAdvises on the fine examination of insurance policies in the light of "Pilkington UK Ltd v CGU Insurance plc" ([2004] EWCA Civ 23, Abs...). Pilkington's appeal was dismissed when they claimed that defects in glass panels had caused physical damage to the structure of the Eurostar terminal at Waterloo. CGU argued that the deteriorisation of the cladding was not physical damage in itself. | ||
| 590 | _aABS | ||
| 650 | _aCONSTRUCTION DISPUTES | ||
| 650 | _aPILKINGTON UK LTD V C G U INSURANCE PLC | ||
| 650 | _aMEDIATION | ||
| 650 | _aCLADDING | ||
| 650 | _aINSURANCE CLAIMS | ||
| 690 | _aBUILT ENVIRONMENT-BUILDING PATHOLOGY | ||
| 942 | _n0 | ||
| 999 |
_c74242 _d74242 |
||